000 01101nac a22003017a 4500
001 BR6005409
003 BR-BrBNA
005 20240105113126.0
008 230509b bl.|||m| |||| 00| 0 por d
040 _aBR-BrBNA
_bpor
_cBiblioteca Nacional de Agricultura
072 _aF30
090 _a0120 BR6005409
100 1 _aRuschel, R.
100 1 _aGroszmann, A.
110 1 _aInstituto de Ecologia e Experimentacao Agricolas, Itaguai, RJ (Brasil)
_96025
245 1 _aComportamento de variedades e hibridos de milho testados no Estado do Rio de Janeiro nos anos de 1959, 1960 e 1961 [Brasil]
260 3 _aRio de Janeiro, GB (Brasil):
_bCentro Nacional de Ensino e Pesquisas Agronomicas,
_c1962.
300 _a16 p.
490 _aComunicado Tecnico - Instituto de Ecologia e Experimentacao Agricolas (Brazil)
_vno. 17
_x
500 _a7 tables; Summaries (En, Pt)
650 _aMILHO
650 _aCOMPORTAMENTO DE VARIEDADE
650 _aHIBRIDO
650 _aSELECAO GENETICA
650 _aRIO DE JANEIRO
909 _a202312
_bLúcia Elande
_c55
_dLúcia Elande
942 _2AGRIS
_n0
_cMS
999 _c262030
_d262030